[Event "46th Capablanca Memorial Open A"]
[Site "Havana CUB"]
[Date "2010.05.14"]
[Round "4.15"]
[White "Martinez Duanny, Lelys Stanley"]
[Black "Yanes Canizares, Alejandro"]
[Result "1/2-1/2"]
[WhiteTitle "GM"]
[WhiteElo "2452"]
[BlackElo "2330"]
[WhiteFideId "3504727"]
[BlackFideId "3506134"]
[EventDate "2011.05.11"]

1. e4 d6 2. d4 g6 3. Nf3 Nf6 4. Nc3 Bg7 5. Be2 c6 6. a4 Bg4 7. O-O O-O 8. h3
Bxf3 9. Bxf3 a5 10. Be3 Na6 11. Qd2 Nb4 12. Na2 Nxa2 13. Rxa2 d5 14. e5 Nd7 15.
Bg5 f6 16. exf6 exf6 17. Bf4 Re8 18. Raa1 Qb6 19. c3 f5 20. g4 fxg4 21. hxg4 Nf6
22. Rae1 Qd8 23. Rxe8+ Qxe8 24. Re1 Qd7 25. Qd1 Re8 26. Rxe8+ Nxe8 27. Qe2 Nd6
28. g5 Kf7 29. Bg4 Qe7 30. Qxe7+ Kxe7 31. Kf1 b5 32. axb5 Nxb5 33. Ke2 a4 34.
Kd3 a3 35. bxa3 Nxa3 36. f3 Nb5 37. Be5 Bf8 38. c4 Nd6 39. Bf6+ Kf7 40. c5 Nf5
41. Be5 h6 42. gxh6 Bxh6 43. f4 Bf8 44. Bd1 Ke6 45. Ba4 Kd7 1/2-1/2

[Event "46th Capablanca Memorial Open A"]
[Site "Havana CUB"]
[Date "2010.05.14"]
[Round "4.16"]
[White "Borges Mateos, Juan"]
[Black "de Francesco, Klaus"]
[Result "1/2-1/2"]
[WhiteTitle "GM"]
[BlackTitle "FM"]
[WhiteElo "2451"]
[BlackElo "2312"]
[WhiteFideId "3500160"]
[BlackFideId "4613945"]
[EventDate "2011.05.11"]

1. d4 e6 2. c4 f5 3. g3 Nf6 4. Bg2 d5 5. Nh3 c6 6. Qc2 Bd6 7. O-O O-O 8. Nd2 Qe7
9. Nf3 Nbd7 10. Bf4 Ne4 11. Rac1 Kh8 12. Rfd1 Rg8 13. Nd2 Nxd2 14. Qxd2 Bb4 15.
Qe3 Re8 16. Ng5 h6 17. Nf3 g5 18. Bc7 Nf6 19. Qe5 Kh7 20. c5 Qf7 21. Qd6 Ne4 22.
Qe5 Nf6 23. h3 Nd7 24. Qd6 e5 25. Nxe5 Nxe5 26. dxe5 Re6 27. a3 Rxd6 28. cxd6
Bxd6 29. Bxd6 Be6 30. b4 a6 31. a4 Bd7 32. Rc3 Kg6 1/2-1/2

[Event "46th Capablanca Memorial Open A"]
[Site "Havana CUB"]
[Date "2010.05.14"]
[Round "4.17"]
[White "Perez Garcia, Rodney"]
[Black "Rodriguez Garcia, Victor"]
[Result "1/2-1/2"]
[WhiteTitle "IM"]
[BlackTitle "FM"]
[WhiteElo "2440"]
[BlackElo "2331"]
[WhiteFideId "3500918"]
[BlackFideId "3506320"]
[EventDate "2011.05.11"]

1. e4 c5 2. Nf3 Nc6 3. Bb5 g6 4. Bxc6 bxc6 5. O-O Bg7 6. Re1 Nh6 7. d3 O-O 8.
Nc3 d6 9. Bd2 f6 10. a3 Rb8 11. b4 cxb4 12. axb4 Rxb4 13. Rxa7 Rb7 14. Rxb7 Bxb7
15. Qc1 Nf7 16. Qb2 1/2-1/2

[Event "46th Capablanca Memorial Open A"]
[Site "Havana CUB"]
[Date "2010.05.14"]
[Round "4.18"]
[White "Arenas, David"]
[Black "Fernandez Hernandez, Arturo A."]
[Result "1-0"]
[WhiteTitle "IM"]
[BlackTitle "FM"]
[WhiteElo "2427"]
[BlackElo "2265"]
[WhiteFideId "4403177"]
[BlackFideId "3509230"]
[EventDate "2011.05.11"]

1. e4 d6 2. d4 Nf6 3. Nc3 g6 4. Nf3 Bg7 5. Be2 O-O 6. O-O c6 7. h3 b5 8. a3 a6
9. Bf4 Nfd7 10. e5 d5 11. Qd2 e6 12. b4 f6 13. exf6 Qxf6 14. Bd6 Re8 15. Rae1
Bf8 16. Bg3 a5 17. Nd1 axb4 18. axb4 Ra2 19. Ne3 Na6 20. Ng4 Qe7 21. Ra1 Rxa1
22. Rxa1 Qxb4 23. c3 Qe7 24. Bh4 Qg7 25. Nfe5 Nab8 26. Ra7 Re7 27. Bxe7 Qxe7 28.
Qf4 g5 29. Qg3 Qd8 30. Nxd7 Nxd7 31. Qc7 Be7 32. Ne5 Nxe5 33. dxe5 Kf8 34. Qxd8+
Bxd8 35. Ra8 Ke7 36. Rxc8 1-0

[Event "46th Capablanca Memorial Open A"]
[Site "Havana CUB"]
[Date "2010.05.14"]
[Round "4.19"]
[White "Larrua Gonzalez, Fernando Oscar"]
[Black "Garrido Dominguez, Jesus"]
[Result "1/2-1/2"]
[WhiteTitle "FM"]
[BlackTitle "IM"]
[WhiteElo "2316"]
[BlackElo "2417"]
[WhiteFideId "3510662"]
[BlackFideId "2254174"]
[EventDate "2011.05.11"]

1. e4 d6 2. Nc3 Nf6 3. f4 e5 4. Nf3 Nbd7 5. d4 Be7 6. dxe5 dxe5 7. fxe5 Ng4 8.
Bf4 g5 9. Nxg5 Ngxe5 10. Nf3 Bd6 11. Nxe5 Nxe5 12. Qd2 Qf6 13. Bg3 a6 14. Nd5
Qg6 15. O-O-O Bg4 16. Be2 Bxe2 17. Qxe2 O-O-O 18. Rhf1 Kb8 19. Rf6 Qg7 20. Rdf1
Rhe8 21. a3 Re6 22. Rxe6 fxe6 23. Nf4 Qe7 24. Rd1 Rf8 25. Kb1 Nd7 26. Qg4 Re8
27. Nd3 e5 28. Rf1 Rf8 29. Rxf8+ Nxf8 30. Qh5 Ng6 31. h4 c5 32. Nf2 c4 33. Nd1
Bc5 34. Nc3 Bd4 35. Nd5 Qg7 36. c3 Ne7 37. Qg5 Qxg5 38. hxg5 Nxd5 39. cxd4 Ne3
40. Bxe5+ Kc8 41. Kc1 Ng4 42. Bg3 Ne3 43. Bf2 Nxg2 44. Kd2 b5 45. Bg3 a5 46. d5
Kd8 47. e5 Kd7 48. Ke2 b4 49. Kd2 c3+ 50. bxc3 bxc3+ 51. Kxc3 Ne3 52. d6 Nf5 53.
Bf2 Ng7 54. Kd3 Ne6 55. Be3 Nf8 56. Ke4 Ke6 57. Bb6 Ng6 58. Bd4 Nh8 59. Kf4 Nf7
60. Kg4 Nd8 61. Kh4 Nf7 62. Kh5 Kf5 63. Bc3 Nxg5 64. Kh6 Nf7+ 65. Kg7 Ke6 66. d7
Nd8 67. Bxa5 Kxd7 68. Bxd8 Ke6 69. Bf6 h5 1/2-1/2

[Event "46th Capablanca Memorial Open A"]
[Site "Havana CUB"]
[Date "2010.05.14"]
[Round "4.20"]
[White "Mendez Fortes, Eduardo Jesus"]
[Black "Garcia Pantoja, Roberto"]
[Result "1/2-1/2"]
[WhiteTitle "FM"]
[BlackTitle "FM"]
[WhiteElo "2316"]
[BlackElo "2411"]
[WhiteFideId "3502376"]
[BlackFideId "3509265"]
[EventDate "2011.05.11"]

1. e4 d6 2. d4 g6 3. Nc3 Bg7 4. h3 Nf6 5. Nf3 O-O 6. Be3 c6 7. a4 Qc7 8. Be2
Nbd7 9. O-O a5 10. Qd2 e5 11. Rad1 Re8 12. dxe5 dxe5 13. Ng5 Nf8 14. Bc4 Ne6 15.
Nxe6 Bxe6 16. Bxe6 Rxe6 17. Qd3 1/2-1/2

[Event "46th Capablanca Memorial Open A"]
[Site "Havana CUB"]
[Date "2010.05.14"]
[Round "4.21"]
[White "Boada, Wiston"]
[Black "Quesada Perez, Yasser"]
[Result "0-1"]
[WhiteTitle "IM"]
[BlackTitle "FM"]
[WhiteElo "2214"]
[BlackElo "2401"]
[WhiteFideId "3900495"]
[BlackFideId "3509362"]
[EventDate "2011.05.11"]

1. g3 d5 2. Bg2 Nf6 3. Nf3 c6 4. O-O Bf5 5. d3 h6 6. b3 e6 7. Bb2 Be7 8. Nbd2
O-O 9. Qe1 Bh7 10. e4 c5 11. Ne5 Nc6 12. f4 Nb4 13. Qd1 Qc8 14. a3 Nc6 15. Nxc6
bxc6 16. Qe2 Re8 17. Rae1 Nd7 18. Bh3 Bf6 19. e5 Bd8 20. g4 Ba5 21. Rd1 Bxd2 22.
Qxd2 Rb8 23. Bc3 d4 24. Ba5 Nb6 25. Bxb6 axb6 26. Rde1 Qc7 27. a4 Ra8 28. Bg2
Ra7 29. f5 exf5 30. gxf5 Raa8 31. Qf4 f6 32. e6 Qxf4 33. Rxf4 Rac8 34. h4 Kf8
35. h5 Ke7 36. Kf2 Kd6 37. Kg3 Rc7 38. Rf2 Ra7 39. Kf4 b5 40. axb5 cxb5 41. Rff1
Ree7 42. Ra1 Rec7 43. Ke4 Re7 44. Kf4 Rec7 45. Bh3 Re7 46. Rfb1 b4 47. Ra4 Rxa4
48. bxa4 Ra7 49. Ra1 Ra5 50. Rg1 Ra7 51. Rg3 Bg8 52. Bg2 g5+ 53. hxg6 Rxa4 54.
Be4 Ra1 55. Kg4 Rc1 56. Rg2 Re1 57. Rh2 c4 58. Kf3 c3 59. Re2 Rf1+ 60. Kg3 Ke7
61. Kg2 Rf4 62. Re1 b3 63. cxb3 c2 64. Bd5 Rxf5 65. Bc4 Rg5+ 66. Kf2 Rxg6 67.
Rc1 Bxe6 68. Rxc2 Rg5 69. Ra2 Bd7 70. Ra8 h5 71. Rh8 Kd6 72. Bf7 Bg4 73. Be8 Kc5
74. Bf7 Kb4 75. Bc4 Kc3 76. Rh7 Bf5 77. Rh6 Bxd3 78. Bxd3 Kxd3 79. Rxf6 Kc3 80.
Rc6+ Kxb3 81. Ke2 Rg3 82. Rh6 Rh3 83. Kd2 Kc4 84. Rh8 Rh2+ 85. Ke1 h4 0-1

[Event "46th Capablanca Memorial Open A"]
[Site "Havana CUB"]
[Date "2010.05.14"]
[Round "4.22"]
[White "Ostos, Julio"]
[Black "Gongora Reyes, Maikel"]
[Result "1-0"]
[WhiteTitle "IM"]
[BlackTitle "IM"]
[WhiteElo "2310"]
[BlackElo "2452"]
[WhiteFideId "3900053"]
[BlackFideId "3503208"]
[EventDate "2011.05.11"]

1. e4 e5 2. Nf3 Nc6 3. Nc3 Nf6 4. Bb5 Bb4 5. O-O O-O 6. d3 d6 7. Bxc6 bxc6 8.
Ne2 Re8 9. Ng3 Bc5 10. h3 h6 11. Re1 Bb6 12. a4 a5 13. d4 exd4 14. Nxd4 Bxd4 15.
Qxd4 c5 16. Qc3 Bb7 17. f3 d5 18. Nf5 Ra6 19. e5 Rae6 20. Nxg7 Kxg7 21. exf6+
Qxf6 22. Bxh6+ Kg6 23. Qxf6+ Kxf6 24. Bd2 Ra8 25. Kf2 d4 26. Bf4 Rc8 27. Rxe6+
fxe6 28. Re1 Bd5 29. b3 Ke7 30. Re5 Rf8 31. g3 Kd7 32. h4 Kc6 33. h5 c4 34. bxc4
Bxc4 35. h6 Rf7 36. Rxa5 Bd5 37. Ra7 e5 38. Bxe5 Rxf3+ 39. Kg1 Be4 40. Rxc7+ Kd5
41. Bf4 Ra3 42. Rd7+ Ke6 43. Rxd4 Bxc2 44. Rc4 Bf5 45. Kf2 Kd5 46. Rb4 Bc2 47.
Rb5+ Ke6 48. Rh5 Bh7 49. a5 Kf6 50. Rc5 Be4 51. Ke2 Bd3+ 52. Kd2 Be4 53. g4 Rf3
54. Be3 Rg3 55. g5+ Kg6 56. Rc7 Rg2+ 57. Ke1 Ra2 58. Rg7+ Kf5 59. h7 Rh2 60. g6 1-0

[Event "46th Capablanca Memorial Open A"]
[Site "Havana CUB"]
[Date "2010.05.14"]
[Round "4.23"]
[White "Arribas Robaina, Maritza"]
[Black "Luther, Thomas"]
[Result "0-1"]
[WhiteTitle "WGM"]
[BlackTitle "GM"]
[WhiteElo "2300"]
[BlackElo "2525"]
[WhiteFideId "3501418"]
[BlackFideId "4611420"]
[EventDate "2011.05.11"]

1. e4 e5 2. Nf3 Nc6 3. Bc4 Bc5 4. c3 Nf6 5. d3 d6 6. O-O a6 7. Bb3 Ba7 8. Be3
O-O 9. Nbd2 Bxe3 10. fxe3 Na5 11. Bc2 c5 12. Qe1 Nc6 13. Qh4 Ne7 14. h3 Ng6 15.
Qf2 b5 16. d4 Qc7 17. dxe5 dxe5 18. Nh4 Nxh4 19. Qxh4 Ne8 20. Nf3 f6 21. Rad1
Be6 22. a3 Nd6 23. Nd2 Rad8 24. Rf2 c4 25. Nf1 Nb7 26. Rfd2 Rxd2 27. Rxd2 Nc5
28. Qe1 Bd7 29. Qd1 Bc6 30. Ng3 g6 31. b4 Ne6 32. h4 h5 33. a4 Rd8 34. Rxd8+
Nxd8 35. a5 Nf7 36. Qd2 Nd6 37. Kf2 Kf7 38. Qd1 Ke7 39. Ke1 Qb7 40. Qb1 Ke6 41.
Kf2 Qa8 42. Kg1 Ke7 43. Kf2 Kd7 44. Kg1 Ke7 45. Qf1 Qd8 46. Qf2 Qh8 47. Qe2 Kd7
48. Qd1 Ke6 49. Kf2 Qa8 50. Qb1 g5 51. Qd1 Bxe4 52. hxg5 Bxc2 53. Qxc2 h4 54.
Nf1 Qe4 55. Qd1 Qf5+ 56. Kg1 Qxg5 57. Qf3 e4 58. Qd1 h3 59. g3 Qf5 60. Kh2 Qf3
61. Qxf3 exf3 62. Nd2 f2 63. Kxh3 Ne4 0-1

[Event "46th Capablanca Memorial Open A"]
[Site "Havana CUB"]
[Date "2010.05.14"]
[Round "4.24"]
[White "Fernandez Cardoso, Alexey"]
[Black "Illas Pueyo, Leonardo"]
[Result "1-0"]
[WhiteTitle "FM"]
[BlackTitle "FM"]
[WhiteElo "2473"]
[BlackElo "2310"]
[WhiteFideId "3504379"]
[BlackFideId "3504212"]
[EventDate "2011.05.11"]

1. e4 c5 2. Nf3 d6 3. d4 cxd4 4. Nxd4 Nf6 5. Nc3 g6 6. Be3 Bg7 7. f3 O-O 8. Qd2
Nc6 9. g4 Be6 10. Nxe6 fxe6 11. O-O-O Ne5 12. Be2 Qa5 13. g5 Nfd7 14. f4 Rac8
15. fxe5 Bxe5 16. Bg4 Nc5 17. Bxc5 Rxc5 18. Bxe6+ Kg7 19. Rhf1 Bxc3 20. bxc3
Qxc3 21. Qxc3+ Rxc3 22. Rxf8 Kxf8 23. Rf1+ Ke8 24. Rf7 Re3 25. Rxh7 Kf8 26. Rf7+
Ke8 27. Rg7 Kd8 28. Rxg6 Rxe4 29. Rh6 1-0

[Event "46th Capablanca Memorial Open A"]
[Site "Havana CUB"]
[Date "2010.05.14"]
[Round "4.26"]
[White "Espinoza Palomino, Willyam"]
[Black "Otero Acosta, Diasmany"]
[Result "0-1"]
[WhiteTitle "FM"]
[BlackTitle "IM"]
[WhiteElo "2295"]
[BlackElo "2440"]
[WhiteFideId "3804852"]
[BlackFideId "3503186"]
[EventDate "2011.05.11"]

1. e4 Nc6 2. d4 d5 3. Nc3 Nf6 4. e5 Nd7 5. Nce2 Nb6 6. Nf4 Bf5 7. c3 e6 8. Nge2
f6 9. exf6 Qxf6 10. Ng3 O-O-O 11. Be2 Bd6 12. O-O h5 13. Nxf5 exf5 14. Nh3 Rde8
15. Bg5 Qf7 16. Qd2 Nc4 17. Bxc4 dxc4 18. Rfe1 Ne7 19. Nf4 Nd5 20. Nxd5 Qxd5 21.
Bf4 g6 22. Bxd6 Qxd6 23. Re2 Rxe2 24. Qxe2 Qd5 25. Re1 Rd8 26. Qe6+ Qxe6 27.
Rxe6 Rd6 28. Rxd6 cxd6 29. h4 Kd7 30. g3 Ke6 31. Kg2 f4 32. Kf3 Kf5 33. gxf4 d5
34. b3 cxb3 35. axb3 a5 36. Ke3 b5 37. Kd3 a4 38. bxa4 bxa4 39. Kc2 Kxf4 40. Kb2
g5 41. hxg5 Kxg5 42. c4 dxc4 43. d5 Kf6 44. Kc3 a3 0-1

[Event "46th Capablanca Memorial Open A"]
[Site "Havana CUB"]
[Date "2010.05.14"]
[Round "4.27"]
[White "Calvo Quinteiro, Jose Manuel"]
[Black "Soppe, Guillermo"]
[Result "1/2-1/2"]
[BlackTitle "IM"]
[WhiteElo "2247"]
[BlackElo "2430"]
[WhiteFideId "3505154"]
[BlackFideId "100323"]
[EventDate "2011.05.11"]

1. e4 Nf6 2. e5 Nd5 3. d4 d6 4. Nf3 dxe5 5. Nxe5 c6 6. Bc4 Nd7 7. O-O Nxe5 8.
dxe5 Bf5 9. Nd2 e6 10. Bb3 Be7 11. Qe2 Qc7 12. Nf3 O-O 13. Bd2 a5 14. a4 Rfd8
15. Rfe1 Rd7 16. h3 Rad8 17. Rad1 Bg6 18. Nh2 Nb4 19. Bf4 Rxd1 20. Rxd1 Rxd1+
21. Qxd1 Qd8 22. Qc1 Qd4 23. Nf3 Qe4 24. Ne1 Nd5 25. Bg3 Qe2 26. Nf3 h6 27. Nd4
Qa6 28. f4 Bc5 29. Bf2 Bxd4 30. Bxd4 Qe2 31. c3 Qe4 32. Bxd5 Qxd5 33. Qd2 Qb3
34. Kh2 Qxa4 35. Bc5 Qb5 36. Bd6 Qc4 37. Bc7 a4 38. Bd6 Qf1 39. Bc5 Be4 40. Qf2
Qb1 41. Qd2 Bd5 42. Qf2 Qe4 43. Bd4 Kh7 44. Qg3 Qf5 45. Qf2 Qb1 46. Bc5 Be4 47.
Ba3 Qc1 48. Bc5 Bc2 49. Ba3 Kg8 50. Kg3 Be4 51. Kh2 b6 52. Bd6 Bc2 53. Qxb6
Qxf4+ 54. Kg1 Qc1+ 55. Kh2 Be4 56. Qf2 Bd5 57. Kg3 Qg5+ 58. Kh2 Qg6 59. Qd2 Qe4
60. Qf2 c5 61. Kg1 c4 62. Kh2 f5 63. exf6 gxf6 64. Be7 Qe5+ 65. Qg3+ Qxg3+ 66.
Kxg3 Kf7 67. Bd8 Kg6 68. Kf2 h5 69. h4 e5 70. g3 Kf5 71. Ke3 Ke6 72. Kf2 f5 73.
Ke3 Bc6 74. Bc7 Kd5 75. Bb8 1/2-1/2

[Event "46th Capablanca Memorial Open A"]
[Site "Havana CUB"]
[Date "2010.05.14"]
[Round "4.28"]
[White "Gomez Fontal, Felix Manuel"]
[Black "Davila, Carlos"]
[Result "0-1"]
[WhiteTitle "IM"]
[BlackTitle "IM"]
[WhiteElo "2417"]
[BlackElo "2307"]
[WhiteFideId "3500357"]
[BlackFideId "6100040"]
[EventDate "2011.05.11"]

1. d4 Nf6 2. Nf3 g6 3. c4 Bg7 4. Nc3 O-O 5. h3 d6 6. Bf4 Nbd7 7. e3 c6 8. Be2 a6
9. a4 a5 10. O-O Qe8 11. Qb3 e5 12. Bh2 Qe7 13. Rad1 h6 14. Qa3 Re8 15. Rfe1 b6
16. Nd2 Bb7 17. dxe5 dxe5 18. Qxe7 Rxe7 19. Nde4 Ne8 20. c5 f5 21. Bc4+ Kh7 22.
Nd6 Nxc5 23. Nxb7 Rxb7 24. Rd2 Rd7 25. Rxd7 Nxd7 26. Rd1 Nc5 27. b3 g5 28. Kf1
Kg6 29. e4 f4 30. f3 Bf8 31. Bg1 Nf6 32. Ke2 Be7 33. Rd2 h5 34. Bf2 g4 35. hxg4
hxg4 36. fxg4 Nxg4 37. Bxc5 Bxc5 38. Rd7 Ne3 39. Bf7+ Kf6 40. Kf3 Rf8 41. Bc4
Nxc4 42. bxc4 Ke6 43. Rc7 Kd6 44. Rh7 Bd4 45. Ne2 Bb2 46. Rh1 Kc5 47. Rb1 Ba3
48. Ra1 Bb4 49. Rh1 Rd8 50. Rh5 Rd3+ 51. Kf2 Kxc4 52. Rxe5 Bc5+ 53. Ke1 f3 54.
gxf3 Rxf3 55. Re6 Kd3 56. Nc1+ Kc2 0-1

[Event "46th Capablanca Memorial Open A"]
[Site "Havana CUB"]
[Date "2010.05.14"]
[Round "4.29"]
[White "Borges Feria, Yasel"]
[Black "Castellanos Sanchez, Carlos M"]
[Result "1/2-1/2"]
[WhiteTitle "FM"]
[BlackTitle "FM"]
[WhiteElo "2406"]
[BlackElo "2293"]
[WhiteFideId "3504921"]
[BlackFideId "3501310"]
[EventDate "2011.05.11"]

1. Nf3 Nf6 2. c4 c5 3. g3 Nc6 4. Bg2 g6 5. b3 Bg7 6. Bb2 O-O 7. O-O d6 8. Nc3
Bg4 9. h3 Bd7 10. d4 cxd4 11. Nxd4 Qc8 12. Nxc6 Bxc6 13. Qd3 Bxg2 14. Kxg2 Qc6+
15. Qf3 Qxf3+ 16. Kxf3 Nd7 17. Rab1 Bxc3 18. Bxc3 Rfc8 19. a4 a5 20. Rfd1 f6 21.
Rd5 Nc5 22. Bd4 b6 23. e4 Rc6 24. Bxc5 bxc5 25. Rc1 Rb6 26. Rc3 Rab8 27. Rdd3 1/2-1/2

[Event "46th Capablanca Memorial Open A"]
[Site "Havana CUB"]
[Date "2010.05.14"]
[Round "4.30"]
[White "Frometa Castillo, Zirka"]
[Black "Figueredo Losada, Leonel"]
[Result "0-1"]
[WhiteTitle "WGM"]
[BlackTitle "FM"]
[WhiteElo "2125"]
[BlackElo "2381"]
[WhiteFideId "3501434"]
[BlackFideId "3507971"]
[EventDate "2011.05.11"]

1. d4 c5 2. e3 Nf6 3. Nf3 d5 4. Bd3 Bg4 5. c3 Nc6 6. Nbd2 e6 7. Qa4 c4 8. Be2
Bd6 9. b3 cxb3 10. axb3 O-O 11. Ba3 Ne4 12. Bxd6 Qxd6 13. Nxe4 dxe4 14. Nd2 Bxe2
15. Kxe2 Qd5 16. h3 Qh5+ 17. g4 Qg6 18. Rag1 a6 19. Qa3 Rad8 20. c4 a5 21. Qa1
f5 22. gxf5 Qxf5 23. Rh2 Nb4 24. Qb1 Nd3 25. Nxe4 Rxd4 26. exd4 Qxe4+ 27. Kd2
Qf4+ 28. Kxd3 Qxh2 29. c5 Qxh3+ 30. Kc4 Qf3 31. Rg5 Qc6 32. Qg1 Rf7 33. Re5 Rf3
34. Re3 Qd5+ 35. Kc3 Rf4 0-1

[Event "46th Capablanca Memorial Open A"]
[Site "Havana CUB"]
[Date "2010.05.14"]
[Round "4.31"]
[White "Morales Romero, Pedro"]
[Black "Vigoa Apecheche, Yanira"]
[Result "1-0"]
[WhiteTitle "IM"]
[BlackTitle "WIM"]
[WhiteElo "2354"]
[BlackElo "2279"]
[WhiteFideId "3503798"]
[BlackFideId "3507041"]
[EventDate "2011.05.11"]

1. e4 c5 2. Nf3 Nc6 3. d4 cxd4 4. Nxd4 Nf6 5. Nc3 e5 6. Ndb5 d6 7. Bg5 a6 8. Na3
Be6 9. Nc4 Rc8 10. Bxf6 gxf6 11. Nd5 Bxd5 12. Qxd5 Nb4 13. Qd2 d5 14. exd5 Qxd5
15. Qxd5 Nxd5 16. O-O-O Rd8 17. Be2 Bh6+ 18. Kb1 b5 19. Na5 Nf4 20. Bf3 Ne6 21.
b4 O-O 22. Nc6 Rd2 23. Rxd2 Bxd2 24. Rd1 Bc3 25. Be4 Nd4 26. Ne7+ Kg7 27. Nd5
Rc8 28. Nxc3 Rxc3 29. Bd3 Rc6 30. Kb2 h5 31. c3 Ne6 32. Be4 Rb6 33. h4 Kf8 34.
Rd7 Ke8 35. Ra7 Rd6 36. Kc2 Nf4 37. Bb7 f5 38. g3 Nd3 39. Bxa6 Ne1+ 40. Kb3 Rb6
41. c4 bxc4+ 42. Bxc4 e4 43. a4 Nd3 44. b5 Nxf2 45. a5 Rd6 46. b6 Nd3 47. b7 1-0

[Event "46th Capablanca Memorial Open A"]
[Site "Havana CUB"]
[Date "2010.05.14"]
[Round "4.32"]
[White "Morales Romero, Romaris"]
[Black "Ynojosa, Felix Jose"]
[Result "1-0"]
[WhiteTitle "FM"]
[WhiteElo "2323"]
[BlackElo "2255"]
[WhiteFideId "3502848"]
[BlackFideId "3900258"]
[EventDate "2011.05.11"]

1. d4 Nf6 2. c4 e6 3. g3 c5 4. d5 exd5 5. cxd5 d6 6. Nc3 g6 7. Nf3 Bg7 8. Bg2
O-O 9. O-O a6 10. a4 Nbd7 11. Bf4 Qc7 12. e4 Nh5 13. Be3 Rb8 14. Qe2 Re8 15. g4
Nhf6 16. Nd2 Ne5 17. h3 b5 18. axb5 axb5 19. Nxb5 Qb6 20. Nc3 Qc7 21. Ra2 Qe7
22. Rfa1 h5 23. g5 Nh7 24. Ra7 Nd7 25. Nc4 Nxg5 26. Bf4 Be5 27. Bxe5 dxe5 28. d6
Qe6 29. Nd5 Nxh3+ 30. Bxh3 Qxh3 31. R1a3 Qh4 32. Ne7+ Rxe7 33. dxe7 Qxe7 34. Qd2
Qe6 35. Nd6 Rxb2 36. Qxb2 Qxd6 37. Qb3 Kg7 38. Qd5 Qe7 39. Rd3 Qg5+ 40. Kf1 Qc1+
41. Rd1 Qf4 42. Rxd7 Bxd7 43. Qxd7 Qxe4 44. Qd5 Qf5 45. Qxc5 g5 46. Rd8 h4 47.
Re8 f6 48. Qf8+ Kg6 49. Qg8+ Kh5 50. Qf7+ Kg4 51. Qe6 Qxe6 52. Rxe6 Kf5 53. Ra6
g4 54. Ke2 Kg5 55. Ke3 f5 56. Ra8 h3 57. Rh8 f4+ 58. Ke4 Kf6 59. Rg8 h2 60. Rh8
g3 61. fxg3 fxg3 62. Kf3 Kf5 63. Kxg3 Ke4 64. Kf2 1-0

[Event "46th Capablanca Memorial Open A"]
[Site "Havana CUB"]
[Date "2010.05.14"]
[Round "4.33"]
[White "Fleites Martin, Yuleikys"]
[Black "Linares Napoles, Oleiny"]
[Result "1/2-1/2"]
[WhiteTitle "WIM"]
[BlackTitle "WGM"]
[WhiteElo "2167"]
[BlackElo "2319"]
[WhiteFideId "3502759"]
[BlackFideId "3504794"]
[EventDate "2011.05.11"]

1. e4 d6 2. d4 Nf6 3. Nc3 g6 4. Be3 c6 5. Nf3 Bg7 6. Qd2 O-O 7. Bh6 Qa5 8. Bxg7
Kxg7 9. Bd3 Bg4 10. Ne2 Qb6 11. O-O-O c5 12. e5 dxe5 13. dxe5 Nfd7 14. Qc3 Qb4
15. Qxb4 cxb4 16. Ned4 Nc6 17. Rde1 Nc5 18. Re3 Rfd8 19. Nxc6 bxc6 20. Bc4 Be6
21. Bxe6 Nxe6 22. Re4 c5 23. Rd1 Rxd1+ 24. Kxd1 Rd8+ 1/2-1/2

[Event "46th Capablanca Memorial Open A"]
[Site "Havana CUB"]
[Date "2010.05.14"]
[Round "4.34"]
[White "Garcia Martinez, Omar"]
[Black "Osorio, Fernando"]
[Result "1-0"]
[WhiteTitle "FM"]
[WhiteElo "2318"]
[BlackElo "2208"]
[WhiteFideId "3500861"]
[BlackFideId "3901114"]
[EventDate "2011.05.11"]

1. e4 c5 2. Nf3 Nc6 3. d4 cxd4 4. Nxd4 Nf6 5. Nc3 e5 6. Ndb5 d6 7. a4 a6 8. Na3
Bg4 9. Be2 Bxe2 10. Qxe2 d5 11. Bg5 d4 12. Nd5 Qa5+ 13. Bd2 Qd8 14. Bg5 Nb4 15.
Bxf6 gxf6 16. Qf3 Nxd5 17. exd5 Rc8 18. O-O Rc5 19. b3 Rc3 20. Qf5 Bxa3 21. Rxa3
Qxd5 22. Qxf6 Rg8 23. g3 Rg6 24. Qf5 Rf3 25. Qh5 Rc3 26. Re1 Re6 27. Qf5 Rf3 28.
Qh5 Rff6 29. Raa1 Qf3 30. Qxf3 Rxf3 31. Re2 Ke7 32. Rae1 Kd6 33. Re4 Kd5 34. Rh4
h6 35. Re2 Rc3 36. Rh5 Kd6 37. Rd2 Kd5 38. Kf1 Rec6 39. Re2 f6 40. Rxh6 Rxc2 41.
Rxc2 Rxc2 42. Rxf6 d3 43. Ke1 Ke4 44. h4 Rb2 45. h5 Rb1+ 46. Kd2 Rh1 47. h6 Rh2
48. g4 Kd4 49. Rd6+ Kc5 50. Rxd3 Rxh6 51. Ke3 Rg6 52. f3 Kb4 53. Ke4 Rg5 54. Rd5
b5 55. axb5 axb5 56. Rxe5 Rg8 57. g5 Rb8 58. g6 Kxb3 59. g7 b4 60. Rg5 Rg8 61.
Kf5 Kc2 62. Kf6 b3 63. Kf7 b2 64. Rg2+ Kc3 65. Rxb2 1-0

[Event "46th Capablanca Memorial Open A"]
[Site "Havana CUB"]
[Date "2010.05.14"]
[Round "4.35"]
[White "Abreu Jean, Carlos Paul"]
[Black "Estrada Nieto, Julian"]
[Result "1/2-1/2"]
[BlackTitle "IM"]
[WhiteElo "2101"]
[BlackElo "2316"]
[WhiteFideId "6405525"]
[BlackFideId "5101018"]
[EventDate "2011.05.11"]

1. e4 e5 2. Nf3 Nc6 3. Bb5 a6 4. Ba4 Nf6 5. O-O Be7 6. Re1 b5 7. Bb3 d6 8. c3
O-O 9. h3 Na5 10. Bc2 c5 11. d4 Qc7 12. Nbd2 cxd4 13. cxd4 Bd7 14. Nf1 Rac8 15.
Ne3 Nc6 16. d5 Nb4 17. Bb1 a5 18. a3 Na6 19. b4 axb4 20. axb4 Qb7 21. Bd2 Ra8
22. Bd3 Nc7 23. Nc2 Ra6 24. Rb1 g6 25. Na1 Nh5 26. Nb3 Ng7 27. Na5 Qa8 28. g4 f5
29. Nh2 fxg4 30. hxg4 Bh4 1/2-1/2

[Event "46th Capablanca Memorial Open A"]
[Site "Havana CUB"]
[Date "2010.05.14"]
[Round "4.36"]
[White "Oms Pallisse, Josep"]
[Black "Martinez Reyes, Pedro Ramon"]
[Result "1-0"]
[WhiteTitle "GM"]
[WhiteElo "2501"]
[BlackElo "2198"]
[WhiteFideId "2205521"]
[BlackFideId "3901807"]
[EventDate "2011.05.11"]

1. d4 d5 2. c4 dxc4 3. e4 e5 4. Nf3 Bb4+ 5. Nc3 exd4 6. Nxd4 Ne7 7. Bf4 c6 8.
Bxc4 O-O 9. O-O Nd7 10. a3 Ng6 11. Bg3 Bxc3 12. bxc3 Nc5 13. Re1 Be6 14. Nxe6
Nxe6 15. Rb1 b5 16. Bxe6 fxe6 17. c4 Qxd1 18. Rexd1 Rfd8 19. h4 a6 20. h5 Rxd1+
21. Rxd1 Nf8 22. Kf1 Kf7 23. Ke2 Ra7 24. Rd6 Rc7 25. Rd8 Rd7 26. Rc8 Rd4 27.
Rxc6 bxc4 28. f3 a5 29. Be5 Rd3 30. Rxc4 Rxa3 31. Rc7+ Ke8 32. Rxg7 Ra2+ 33. Ke3
Nd7 34. Bd6 Nb6 35. Kf4 a4 36. Ke5 Nc4+ 37. Kxe6 1-0